| 000 | 00618nam a2200181Ia 4500 | ||
|---|---|---|---|
| 999 |
_c19925 _d19925 |
||
| 082 | _a305.80095452 SHA-; | ||
| 100 | _aShashi, S.S. | ||
| 245 | 0 | _aShepherds of India: a socio-cultural study of sheep and cattle-rearing communities | |
| 260 |
_aDelhi _bSundeep Prakashan _c1978 |
||
| 300 | _a122p.: 23 photographs | ||
| 504 | _aIncludes index, bibliography | ||
| 650 | _aSocial structure - Himachal Pradesh | ||
| 650 | _aShepherds - History - Himachal Pradesh | ||
| 650 | _aEthnology - Himachal Pradesh | ||
| 650 | _aTribes - Himachal Pradesh | ||
| 650 | _aGuddis (Indic people) - Himachal Pradesh | ||
| 942 | _cBK | ||